01011nam a22002057a 450000500170000001000170001702000260003402000230006003500190008303700120010208200150011424501300012924600400025926000450029927000640034430000260040850501030043452002540053770000140079120140825143624.0 aB-534968-969 a9780198091806c950.00 a019809180Xc950.00 aEN- 534968-969 bBSB/Ven a307.760954 aThe Oxford anthology of the modern Indian city :cedited, compiled, and introduced by Vinay Lalbthe city in its plenitude / aAnthology of the modern Indian city aNew DelhibOxford University Pressc2013 aYMCA Library Builbing, 1 Jai Singh Road bNew Delhie110001 a382p.c24cm(Hb)bill. aV.1-The city in its plenitude ; V.2-making and unmaking the city politics, culture, and life forms aThe first anthology of the city in India since around 1800, with an accent on the twentieth century, this two-volume collection draws on fiction, poetry, essays, travel narratives, and scholarly studies in history, anthropology, and cultural studies aVinay Lal